00580nam a2200169Ia 4500008004100000020001800041022001500059040001300074082001400087245010200101260006600203300002900269500005000298650002500348700001700373700002000390191130s2002##################000#0#eng## a9780333800706 a2001036096 aACLcACL a338.9 KOT aDevelopment theory and practice : critical perspectivescedited by Uma Kothari and Martin Minogue aHoundmills, Basingstoke, Hampshire ; New YorkbPalgravec2002 ax, 222 p. : ill. ; 23 cm aIncludes bibliographical references and index aEconomic development aKothari, Uma aMinogue, Martin